Literárny kritik

Bibliographic Details
Main Author: -ík- (Author)
Format: Article
Language:Slovak
Subjects:

MARC

LEADER 00000nab a2200000 a 4500
001 vtls000008584
003 SK-MaSNL
005 20260303021011.0
008 111103c1978 xo 0 slo
015 |a SNBRB19rr/mm-uuuuu 
035 |a CL0018677 
040 |a SNKBUCL  |b slo  |c SNKBUCL  |e AACR2 
041 0 |a slo 
044 |a xo  |c SK 
080 |a 82:929:885.4  |2 1981 
080 |a 885.4"19"  |2 1981 
080 |a 885.4(091)"19"  |2 1981 
080 |a 92 Považan, Michal  |2 1981 
100 1 |a -ík-  |4 aut  |9 842718 
245 1 0 |a Literárny kritik  |c -ík- 
600 1 7 |a Považan, Michal,  |d 1913-1952  |2 snkbucl  |9 113479 
655 7 |a články z novín a časopisov  |2 snkbucl  |9 267496 
655 7 |a články z odboru literárna veda a krásna literatúra  |2 snkbucl  |9 770045 
773 0 |t Ľud  |g Roč. 31, č. 210 (6. 9. 1978), s. 5 
850 |a Slovenská národná knižnica v Martine  |a MTA001 
852 |a SNK  |b KIS3GCP 
958 |a RK 
958 |a LX 
992 |a RBX 
999 |c 1620921  |d 1622851